=LDR 00000nam 2200000 4500 =001 INLIS000000000044977 =990 ##$$a 21418472 =005 20141208140137.0 =990 ##$$a 21418473 =006 =990 ##$$a 21418474 =007 =990 ##$$a 21418475 =008 =990 ##$$a 21418476 =020 ##$$a 978-602-8872-00-3 =035 ##$$0010-121400000000127 =040 ##$$a NBPDMAT =082 ##$$a 590 =090 ##$$a 590 $b Qur e =100 ##$$a Quratulaini =245 ##$$a Ensiklopedia pengetahuan : $b Seri hewan & sekitar kita / $c Quratulaini ; editor, Taufik Hendra =260 ##$$a Jakarta : $b Multazam Muliya Utama, $c 2012 =300 ##$$a vi, 90 hlm. : $b ilus. ; $c 29 cm. =500 ##$$a Bibliografi : hlm. 90 =650 ##$$a Binatang =700 ##$$a Taufik Hendra =850 ##$$a NBPDMAT